| 000 | 00496cam a2200193ua 4500 | ||
|---|---|---|---|
| 020 |
_a81 203 1443 3 _c110.00 |
||
| 041 |
_aeng _h |
||
| 082 |
_a005.133 _bKUT/DA |
||
| 100 | _aKutti, N S . | ||
| 245 |
_aData structures in C++ / _cN S Kutti. _hTextual Documents |
||
| 250 |
_a1 / _b. |
||
| 260 |
_aNew Delhi : _bPrentice Hall of India Pvt Ltd. , _c2001. |
||
| 300 | _a207 ; . | ||
| 365 | _a110.00 | ||
| 504 | _a | ||
| 700 | 1 | _aPadhye, P Y . | |
| 942 | _cBK | ||
| 999 |
_c2667 _d2667 |
||